| 000 | 00593nam a2200181Ia 4500 | ||
|---|---|---|---|
| 005 | 20260429112244.0 | ||
| 008 | 260429s9999||||xx |||||||||||||| ||und|| | ||
| 020 | _a9789348033529 | ||
| 041 | _aHindi | ||
| 082 |
_a335.4 _bSAN |
||
| 100 | _aसांकृत्यायन, राहुल | ||
| 245 | 0 |
_aसाम्यवाद ही क्यों? / _cराहुल सांकृत्यायन |
|
| 250 | _a1st ed. | ||
| 260 |
_aदिल्ली : _bप्रकाशन संस्थान, _c2024. |
||
| 300 | _aix, 95 p.; Hb | ||
| 650 | _aCommunism | ||
| 942 | _cTB | ||
| 999 |
_c53152 _d53152 |
||